Responses for Show #3952 - Tuesday, November 6, 2001

Trevor Norris game 2.

Contestants

[<< previous game]

Sherri Rowton, an alumni and development coordinator from Auburn, Alabama

Bong Miquiabas, a foreign service officer from Wauseon, Ohio

Trevor Norris, a management analyst from Washington, D.C. (whose 1-day cash winnings total $14,201)

[next game >>]

Jeopardy! Round responses

THE LAKE COUNTRY
(Alex: You have to identify the country.)
MYTHMASH
SONG LYRICS
ALONG CAME A SPIDER
E-COMMERCE
"J" WALKING
    $100 1
Egypt

Bong
    $100 26
the Minotaur

Trevor
    $100 21
"Like A Virgin"

Trevor
    $100 16
tarantula

Bong
    $100 11
coffee

Sherri
    $100 6
Jack Frost

Bong
    $200 2
Russia

Trevor
    $200 27
the Argo

Bong
    $200 22
"Hungry Like The Wolf"

Trevor
    $200 17
widow

Sherri
    $200 12
Lionel

Trevor
    $200 7
jumping jacks

Trevor
    $300 3
England/Great Britain

Bong
    $300 28
Echo

Triple Stumper
    $300 23
"Hot Stuff"

Sherri
    $300 18
abdomen

Bong
    $400 13
Napa Valley

Trevor
    $300 8
Jolly Roger

Trevor
    $400 4
Mexico

Bong
    $400 29
(Sherri: Who is...)

Paris

TrevorSherri
    $400 24
(Trevor: What is "Crazy"?)

"I Don't Want To Miss A Thing"

Trevor
Triple Stumper
    $400 19
arachnids

Trevor
    $400 14
motocross

Bong
    $400 9
a jigger

Trevor
    $500 5
(Trevor: What is Scotland?)

Australia

Trevor
Triple Stumper
    $500 30
Styx

Sherri
    $500 25
"What A Girl Wants"

Triple Stumper
    $500 20
(Sherri: [No response])

trap-door spiders

Sherri
Triple Stumper
    $500 15
Gingko biloba

Trevor
    $500 10
jousting

Trevor

Scores at the first commercial break (after clue 15):

Trevor Bong Sherri
$2,200 $1,300 $100

Scores at the end of the Jeopardy! Round:

Trevor Bong Sherri
$3,000 $1,900 $200

Double Jeopardy! Round responses

GEORGIE
PORGY
PUDDING
"PI"
KISSED THE GIRLS
MADE THEM CRY
(Alex: What a weird choice!)
    $200 1
George W. Bush

Bong
    $200 26
(Trevor: What is Somerville, Mass.?)

Boston

TrevorBong
    $200 16
(Sherri: What is tapioca?)

rice pudding

Sherri
Triple Stumper
    $200 6
Pilot light

Trevor
    $200 17
Lucy Liu

Trevor
    $200 11
Paul Revere

Trevor
    $400 2
George Burns

Bong
    $400 27
George Gershwin

Sherri
    $400 22
Jell-O

Trevor
    $400 7
Pile-up

Trevor
    $400 18
Deborah Kerr

Sherri
    $400 12
"Remember The Alamo!"

Trevor
    $600 3
George Eastman

Trevor
    $600 28
[The end-of-round signal sounds.]

"Summertime"

Trevor
    $600 23
(Bong: What is soy?)

coconut milk

TrevorBong
    $600 8
(Sherri: What is a piranha?)

pike

TrevorSherri
    $600 19
(Trevor: Who is Nancy Davis?)

Jane Wyman

TrevorSherri
    $600 13
South Africa

Bong
    $800 4
George Strait

Trevor
    $800 24
(Trevor: What is hasty pudding?)
...
(Alex: Less than a minute now.)

Figgy pudding

TrevorSherri
    $800 9
Pipette

Triple Stumper
    $800 20
Winona Ryder

Trevor
    $2,100 14
(Bong: Who is Khrushchev?)

Yuri Gagarin

Bong
    $1000 5
George Meany

Bong
    $1000 25
Kugel

Triple Stumper
    $1000 10
Piebald

Triple Stumper
    $1000 21
Planet Of The Apes

Triple Stumper
    $1000 15
Never Cry Wolf

Triple Stumper

Scores at the end of the Double Jeopardy! Round:

Trevor Bong Sherri
$7,200 $1,600 $1,600
(lock game)

[wagering suggestions for these scores]

Final Jeopardy! Round responses

FICTIONAL CHARACTERS
(Alex: Tomorrow, UCLA College Tournament - bright kids, see you then!)
BongWho is William Tell?
$1,600
SherriWho Gulliver
$1,500
TrevorWho is Robin Hood?
$2,800
Gulliver

Final scores:

Trevor Bong Sherri
$4,400 $0 $3,100
2-day champion: $18,601 3rd place: a trip to Marriott Residence Inn, Vancouver, Canada 2nd place: a trip to Treasure Resort, Grand Cayman Island

Game dynamics:

Coryat scores:

Trevor Bong Sherri
$7,100 $3,700 $1,600
25 R
(including 1 DD),
5 W
13 R,
2 W
(including 1 DD)
8 R,
4 W

Combined Coryat: $12,400

[game clues] [game scores] [suggest correction]

Game tape date: 2001-08-28
The J! Archive is created by fans, for fans. Scraping, republication, monetization, and malicious use prohibited; this site may use cookies and collect identifying information. See terms. The Jeopardy! game show and all elements thereof, including but not limited to copyright and trademark thereto, are the property of Jeopardy Productions, Inc. and are protected under law. This website is not affiliated with, sponsored by, or operated by Jeopardy Productions, Inc. Join the discussion at JBoard.tv.